000 00549nam a2200217Ia 4500
003 OSt
005 20220928145016.0
006 a|||||r|||| 00| 0
007 ta
008 220927b |||||||| |||| 00| 0 eng d
024 _a78258
037 _cTextual
040 _aSDCL
_cSDCL
_beng
041 _2eng
_aeng
082 _aWxM79, J4.1
100 _aDeutscher Issac
_9511237
245 0 _aProphet armed
_b Trotsky 1879-1921.V1.
260 _c1954
942 _hWxM79, J4.1
_cTEXL
_2CC
999 _c831477
_d831477